000 00579cam a22002053a 4500
001 45912
003 PGUSA
005 20140828084053.0
008 140607s2014||||xxu|||||s|||||000 | eng d
040 _aPGUSA
_beng
042 _adc
100 1 _aWells, Carolyn,
_d1862-1942
245 1 4 _aThe Vanishing of Betty Varian
_h[electronic resource] /
_cCarolyn Wells
260 _bProject Gutenberg,
_c2014
506 _aPublic domain in the USA.
516 _aElectronic text
830 0 _aProject Gutenberg
_v45912
856 4 0 _uhttp://www.gutenberg.org/ebooks/45912
942 _cEB
999 _c275162
_d275162